| 000 | 00428nam a22001337a 4500 | ||
|---|---|---|---|
| 040 | _cNUST | ||
| 082 | _a200 THE | ||
| 100 |
_aShafaq Sajjad _991554 |
||
| 110 |
_aSupervisor Dr. Shahzor Ahmad _984250 |
||
| 245 | _aTH-SOF-1988-A Comparative Analysis of Camera, LiDAR and Fusion Based Deep Neural Networks for Vehicle Detection | ||
| 260 |
_aISLAMABAD: _bNUST COLLEGE OF EME. _c2022. |
||
| 650 | _aMS-ELECT-18 | ||
| 942 |
_2ddc _cTHE |
||
| 999 |
_c589683 _d589683 |
||